[Event "North American Class"]
[Site "?"]
[Date "1998.12.27"]
[Round "1"]
[White "Bailey, B."]
[Black "Ruden, B."]
[Result "1/2-1/2"]
[WhiteElo "1947"]
[BlackElo "1856"]
[Annotator "Stockfish 14 (15s)"]
[PlyCount "40"]

{C05: French Tarrasch: 3...Nf6 4 e5 Nfd7, 5 f4 and 5 Bd3 sidelines} 1. e4 e6 2.
d4 d5 3. Nd2 c5 4. c3 Nc6 5. Ngf3 Nf6 6. Bd3 cxd4 7. cxd4 dxe4 8. Nxe4 Nd5 $146
(8... Bb4+ 9. Bd2 (9. Nc3 O-O (9... Bd6 10. O-O Nb4 11. Bb1 O-O 12. Ne4 Be7 13.
Nxf6+ Bxf6 14. a3 Nd5 15. Qd3 g6 16. Bh6 Bg7 17. Bg5 Qb6 18. Ba2 Bd7 19. Rfe1
Rac8 20. Qd2 Ba4 21. Rac1 Bb3 22. Bb1 Qd6 23. Bd3 a6 24. Bh6 {
Aitken,J-Heidenfeld,W Castlebar 1969 1/2-1/2 (31)}) 10. O-O b6 11. Re1 Bb7 12.
Bg5 Be7 13. Rc1 Rc8 14. a3 Nd5 15. Bd2 Nxc3 16. bxc3 Bxa3 17. Rb1 Na5 18. Bxh7+
Kxh7 19. Ng5+ Kg6 20. Qg4 f5 21. Qh3 Bd5 22. Qh7+ Kf6 23. Nxe6 Bxe6 {
Plaskett,J (2483)-Panzalovic,S (2440) playchess.com INT 2003 1/2-1/2 (45)})
9... O-O 10. O-O Bxd2 11. Qxd2 h6 12. Rac1 Qe7 13. Rfd1 Rd8 14. Nxf6+ Qxf6 15.
Qe3 Bd7 16. a3 Rac8 {1/2-1/2 (16) Posada,J-Fernandez,B Pereira 1958}) (8... Be7
9. Nc3 Nb4 10. Bb1 O-O 11. O-O b6 12. Re1 Bb7 13. a3 Nbd5 14. Qd3 Rc8 15. Ng5
g6 16. Qh3 Qc7 17. Nce4 Qxc1 18. Ba2 Qxb2 19. Bxd5 Bxd5 20. Nxf6+ Kg7 21. Qh4
h6 22. Ngh7 g5 23. Qh5 {Vavra,P (2390)-Wiley,T (2208) Marianske Lazne 2005 0-1}
) (8... Be7 $5 $11) 9. O-O $16 Qb6 {Attacking the isolated pawn on d4} 10. Re1
Bb4 (10... Be7 11. Bb1 $16) 11. Bd2 (11. Nc3 $142 O-O 12. a3 $14) 11... Nxd4 $4
(11... O-O $142 12. Nc3 Nxd4 13. Nxd4 Qxd4 $14) 12. Nxd4 $18 Qxd4 13. Bb5+ (13.
Be3 $142 Qe5 14. Bd4 $18) 13... Kf8 14. Qa4 f5 (14... e5 15. Rad1 Be7 $18) 15.
Bxb4+ (15. Rad1 $142 Bc5 16. Nxc5 Qxc5 17. Be3 $18) 15... Qxb4 $14 16. Ng5 (16.
Qxb4+ $142 Nxb4 17. Rad1 $14) 16... Qxb2 $4 (16... Qxa4 $5 17. Bxa4 Ke7 $11)
17. Bd7 (17. Rad1 $142 Qf6 18. Rxd5 Qxg5 19. Rc5 $18) 17... Nb6 $14 18. Nxe6+
Kg8 19. Qb5 Qxb5 20. Bxb5 Kf7 1/2-1/2

[Event "North American Class"]
[Site "?"]
[Date "1998.12.27"]
[Round "2"]
[White "Schreiber, E."]
[Black "Bailey, B."]
[Result "0-1"]
[WhiteElo "1835"]
[BlackElo "1947"]
[Annotator "Stockfish 14 (15s)"]
[PlyCount "58"]

{C45: Scotch Game} 1. e4 e5 2. Nf3 Nc6 3. d4 exd4 4. Nxd4 Nf6 5. Nxc6 bxc6 6.
e5 Nd5 7. c4 Bb4+ 8. Bd2 Bxd2+ 9. Qxd2 Ne7 10. Nc3 O-O 11. Bd3 (11. O-O-O c5
12. f4 Nc6 13. Qd5 Qe7 14. Ne4 Nb4 15. Qxc5 Nxa2+ 16. Kb1 Qxc5 17. Nxc5 Nb4 18.
Nxd7 Bxd7 19. Rxd7 Rfd8 20. Rxd8+ Rxd8 21. Kc1 Rd4 22. g3 c5 23. Be2 Kf8 24.
Rd1 Ke7 25. Rxd4 cxd4 {
Tseshkovsky,V (2572)-Vasenev,S (2327) Kazan 2006 1-0 (36)}) 11... d5 12. exd6 (
12. O-O-O f6 13. Rhe1 d4 14. exf6 Rxf6 15. Ne4 Rh6 16. Qg5 Qf8 17. Ng3 Rf6 18.
Nh5 Rf7 19. f3 Nf5 20. Re4 Ne3 21. Rxd4 Nxd1 22. Rd8 Qxd8 23. Qxd8+ Rf8 24. Qg5
g6 25. Bxg6 Kh8 26. Qe5+ Kg8 {
Munoz Hernandez,R-Faust,R (2066) Villa Ballester 2006 1-0}) 12... cxd6 13. O-O
Be6 $146 (13... Ng6 14. Be4 Be6 15. Bxc6 Bxc4 16. Rfd1 Rc8 17. Qxd6 Qb6 18. Bd7
Qxd6 19. Rxd6 Rc7 20. Rad1 Rb8 21. b3 Bxb3 22. axb3 Rxc3 23. Ba4 Nf8 24. g3 g6
25. Rd8 Rxd8 26. Rxd8 Kg7 27. Rb8 Rc7 28. Bb5 {
Chlost,M (2025)-Kuznetsov,F (2146) Polanica Zdroj 2001 1/2-1/2}) (13... Bf5 14.
Rad1 Bxd3 15. Qxd3 d5 16. cxd5 cxd5 17. Nxd5 Ng6 18. Ne3 Qg5 19. Qf5 Qh4 20. g3
Qa4 21. Qb1 Rab8 22. b3 Qb5 23. Rd5 Qb7 24. Rfd1 Qb4 25. Nc4 Ra8 26. R5d4 Qc5
27. Qe4 Rae8 28. Qd5 {Vasconcelos,R-Loureiro,E Lisbon 2001 1/2-1/2 (39)}) (
13... Rb8 14. Rad1 d5 15. Rfe1 Bg4 16. Be2 Be6 17. cxd5 Nxd5 18. Bc4 Qf6 19.
Nxd5 Bxd5 20. Bxd5 cxd5 21. b3 Rfd8 22. Qd4 Qxd4 23. Rxd4 Rbc8 24. g3 Kf8 25.
Red1 Rc2 26. a4 Rb2 27. Rxd5 Rxd5 28. Rxd5 {
Bermejo Arruego,L (2165)-Sanchez Soler,M (2050) San Sebastian 1996 1-0 (61)})
14. Rad1 Qc7 (14... d5 15. Qc2 Ng6 16. cxd5 cxd5 17. Bxg6 hxg6 18. Rd4 $14) 15.
b3 Rad8 16. Bb1 (16. Rfe1 $5 $16) 16... d5 $11 17. cxd5 Nxd5 18. Qc2 g6 19.
Nxd5 Bxd5 20. Qc5 Qf4 21. f3 (21. Qxa7 $4 Qg4 22. Rxd5 Rxd5 $19 (22... cxd5 $6
23. Qc5 $19)) 21... Rfe8 (21... Qc7 $5 $11) 22. Qxa7 $14 Re2 23. Rf2 Rde8 24.
Bd3 Re1+ 25. Rxe1 Rxe1+ 26. Bf1 (26. Rf1 $5 Rc1 27. Qf2 $16) 26... Qc1 $11 27.
Qd4 Be6 28. Qd8+ Kg7 29. Qd2 $4 (29. Qd4+ $142 Kg8 30. Qd8+ Kg7 31. Qd4+ Kg8
$11) 29... Rxf1+ $1 $19 (29... Rxf1+ 30. Rxf1 Qxd2 $19) 0-1

[Event "North American Class"]
[Site "?"]
[Date "1998.12.28"]
[Round "3"]
[White "Bailey, B."]
[Black "Young, C."]
[Result "0-1"]
[WhiteElo "1947"]
[BlackElo "1873"]
[Annotator "Stockfish 14 (15s)"]
[PlyCount "56"]

{C05: French Tarrasch: 3...Nf6 4 e5 Nfd7, 5 f4 and 5 Bd3 sidelines} 1. e4 e6 2.
d4 d5 3. Nd2 Nf6 4. e5 Nfd7 5. Ne2 c5 6. c3 Nc6 7. g3 (7. Nf4 cxd4 8. cxd4 Nxd4
9. Bd3 Nxe5 10. Bb1 Bd6 11. Nh5 O-O 12. O-O Ng6 13. Nf3 Nxf3+ 14. Qxf3 Bd7 15.
Qe2 Rc8 16. f4 a6 17. Bd3 Qb6+ 18. Kh1 Bb5 19. Bxb5 Qxb5 20. Qxb5 axb5 21. Be3
Rc2 {Pokorna,R-Hagarova,Z (2295) Ziar nad Hronom 1996 0-1}) (7. a3 cxd4 8. cxd4
f6 9. exf6 Nxf6 10. Nf3 Bd6 11. Nc3 Qb6 12. Bb5 O-O 13. O-O Bd7 14. Bxc6 Bxc6
15. Re1 Rae8 16. b4 Ne4 17. Nxe4 dxe4 18. Ng5 Qb5 19. Qe2 Qf5 20. Ra2 Rc8 21.
Nxe4 Bxe4 {Soilemezis,A-Kaldis,G (2005) Heraklio 2005 0-1}) 7... Be7 8. Bg2
$146 (8. Bh3 Qc7 9. O-O b6 10. Nf3 h6 11. Nf4 g5 12. Nh5 Ba6 13. Re1 Rg8 14.
Bg4 O-O-O 15. a3 Kb8 16. Be3 cxd4 17. cxd4 Na5 18. Nd2 Rc8 19. Qc1 Qxc1 20.
Raxc1 Rxc1 21. Rxc1 Kb7 22. Kg2 b5 {
Meulemans,B (2023)-Denayer,E (2234) Belgium 2001 1-0 (38)}) (8. Nf3 b5 9. dxc5
Bxc5 $11) 8... b6 (8... b5 9. O-O $15) 9. O-O $11 Ba6 (9... O-O $142 $11) 10.
f4 $4 (10. Nf3 $5 $14) 10... Bxe2 (10... cxd4 $142 11. Nxd4 Bxf1 12. Bxf1 Qc7
$17) 11. Qxe2 $11 cxd4 12. c4 Bc5 (12... Nc5 $5 $11) 13. Kh1 (13. Qh5 O-O 14.
cxd5 exd5 $16) 13... Nb4 (13... Ne7 $5 $16) 14. a3 d3 $4 (14... Nc2 15. Rb1 Ne3
16. b4 Nxf1 17. Qxf1 $16) 15. Qf3 (15. Qg4 $142 Nc2 16. Qxg7 $18) 15... Nc2 16.
Rb1 Ne3 17. cxd5 Nxg2 $2 (17... Nxf1 $142 18. Nxf1 exd5 19. Qxd3 O-O $18) 18.
Kxg2 (18. Qxg2 $143 exd5 19. Qxd5 O-O $18) 18... exd5 19. b4 Be7 20. Qxd5 O-O
21. Bb2 $4 (21. Nf3 $142 Re8 22. Qxd3 $18) 21... a5 $14 22. Bc3 Qc7 (22... axb4
23. axb4 Qc8 24. Qxd3 $14) 23. Qxd3 (23. Rfc1 $5 axb4 24. axb4 $16 (24. Bxb4 $6
Nc5 $11)) 23... Rfd8 24. Qc4 $4 (24. Qe3 $142 $16) 24... Qxc4 $19 25. Nxc4 Rac8
26. Nxb6 Rxc3 (26... Nxb6 $5 27. bxa5 Nd5 28. Bd4 $19) 27. Nd5 Rc2+ 28. Kf3 $4
(28. Rf2 $142 Rxf2+ 29. Kxf2 $19) 28... Nxe5+ $1 (28... Nxe5+ 29. fxe5 Rxd5 30.
bxa5 f5 31. exf6 Bxf6 $19) 0-1

[Event "North American Class"]
[Site "?"]
[Date "1998.12.28"]
[Round "4"]
[White "Whitacher, F."]
[Black "Bailey, B."]
[Result "0-1"]
[WhiteElo "1838"]
[BlackElo "1947"]
[Annotator "Stockfish 14 (15s)"]
[PlyCount "59"]

{C78: Ruy Lopez: Archangelsk and Möller Defences} 1. e4 e5 2. Nf3 Nc6 3. Bb5 a6
4. Ba4 Nf6 5. O-O b5 6. Bb3 Bc5 7. c3 Nxe4 8. d4 exd4 9. cxd4 Be7 10. d5 Na5
11. Bc2 Nf6 12. b3 (12. Bg5 Nc4 (12... O-O 13. Qd3 g6 14. Nbd2 Bb7 15. Rfe1
Nxd5 16. Bh6 Re8 17. Re5 Nf6 18. h3 Nc6 19. Re2 Nb4 20. Qc3 Nxc2 21. Qxc2 Bf8
22. Rxe8 Nxe8 23. Bg5 Be7 24. Bh6 Bf6 25. Re1 d5 26. h4 Qd6 27. h5 {
Rychlik,B (1948)-Kaliszewski,T (2174) Polanica Zdroj 2006 1-0 (37)}) 13. Re1
O-O 14. Qd3 Nxb2 15. Qd4 h6 16. Qh4 hxg5 17. Nxg5 Re8 18. Nd2 g6 19. Nde4 Kg7
20. Nxf7 Kxf7 21. Nxf6 Rh8 22. Qg4 Rh6 23. Qf4 g5 24. Qxg5 Rxf6 25. Qh5+ Kf8
26. Qh8+ Kf7 {Mista,A (2497)-Citak,S (2351) Warsaw 2005 1-0 (37)}) 12... d6 13.
Bd2 $146 (13. Re1 c6 14. b4 Nc4 15. Nd4 Ne5 16. dxc6 O-O 17. Bf4 Nd5 18. Bd2
Bf6 19. Be4 Be6 20. Nc3 Nc7 21. Bf4 g6 22. Rc1 Bc4 23. Nf3 Re8 24. Nxe5 Bxe5
25. Bxe5 dxe5 26. Qxd8 Raxd8 27. Red1 f5 {
Bakus,M (2170)-Kontomitros,K (1895) Chania 2000 1/2-1/2 (68)}) (13. Re1 O-O 14.
Bb2 Ng4 $16) 13... c5 14. dxc6 $4 (14. Re1 $142 Ra7 15. Bc3 $16) 14... Nxc6 $17
15. Bc3 O-O 16. Qd3 (16. a4 $5 b4 17. Bb2 $17) 16... g6 $19 17. Nbd2 $4 (17.
Nd4 $142 Ne5 18. Qd2 $19) 17... Bf5 18. Qxf5 gxf5 19. Bxf5 Nd5 20. Bb2 Bf6 21.
Bxf6 Qxf6 22. Be4 Nde7 23. Rac1 (23. Bxc6 Nxc6 24. Ne4 Qg6 $19) 23... Rac8 (
23... d5 24. Bd3 $19) 24. a4 (24. Bxc6 Nxc6 25. a4 bxa4 26. bxa4 Nb4 $19) 24...
d5 25. Bd3 Ne5 26. Nxe5 (26. Be2 bxa4 27. bxa4 Nd7 $19) 26... Rxc1 27. Rxc1
Qxe5 28. Nf3 (28. Nf1 Qf4 29. Ra1 Qb4 30. axb5 axb5 $19) 28... Qb2 29. Re1 (29.
Rb1 Qxb1+ 30. Bxb1 Rc8 $19) 29... Qxb3 30. Bxb5 0-1

[Event "North American Class"]
[Site "?"]
[Date "1998.12.29"]
[Round "5"]
[White "Bailey, B."]
[Black "Jex, J."]
[Result "0-1"]
[WhiteElo "1947"]
[BlackElo "1874"]
[Annotator "Stockfish 14 (15s)"]
[PlyCount "50"]

{C40: Latvian and Elephant Gambits} 1. e4 e5 2. Nf3 f5 3. Nxe5 Qf6 4. d4 d6 5.
Nc4 fxe4 6. Nc3 Qg6 7. Qe2 Nf6 8. f3 Nc6 9. Be3 (9. Nb5 Be7 10. Be3 Nd5 11. Bf2
a6 12. Nc3 Nxc3 13. bxc3 O-O 14. fxe4 Bg4 15. Qd3 Rae8 16. Ne3 Bd8 17. Qd2 Qxe4
18. Bc4+ d5 19. Bd3 Qxg2 20. Rg1 Qxg1+ 21. Bxg1 Bh4+ 22. Bf2 Rxf2 23. Qxf2
Rxe3+ {Rodriguez,A (2490)-Perez Pietronave,C (2295) Buenos Aires 1998 0-1})
9... exf3 $146 (9... Bf5 10. O-O-O O-O-O (10... Nb4 11. Rd2 Be7 12. g4 exf3 13.
Qxf3 Be4 14. Nxe4 Qxe4 15. Bg2 Qxf3 16. Bxf3 O-O-O 17. Re2 Rde8 18. Bd2 Nc6 19.
c3 Rhf8 20. Rhe1 Bd8 21. g5 Rxe2 22. Rxe2 Ng8 23. Bg4+ Kb8 24. Kc2 Nge7 25. h4
{Rotman,N (2158)-Lopez de Castro,J (1970) Paris 2004 1-0 (40)}) 11. h3 (11. Qf2
exf3 12. gxf3 Nb4 13. Rg1 Qf7 14. Rd2 Be6 15. b3 g6 16. Kb2 Bg7 17. Nd1 Rhf8
18. Be2 Rde8 19. c3 Nbd5 20. Bd3 Nh5 21. Be4 Nxe3 22. Ncxe3 d5 23. Bc2 Bh6 24.
Ng4 Bxd2 25. Ne5 Qf4 {Rojas Quintero,F-Garcia Ortega,A Benidorm 2004 0-1})
11... exf3 12. gxf3 Nb4 13. Rg1 Qf7 14. Rd2 Re8 15. Qf2 Nfd5 16. Nxd5 Nxd5 17.
Bg5 h6 18. Bh4 Nf4 19. Rh1 b5 20. Na3 Qxa2 21. Bxb5 d5 22. Qf1 Bxa3 23. Ba6+
Kd7 24. Qb5+ {Braby,B-Eriksson,B Jonkoping 1987 0-1 (32)}) (9... Be7 $5 10. d5
Nb4 $11) 10. gxf3 $16 Be6 11. O-O-O d5 $4 (11... Qf7 $142 12. Bg5 O-O-O 13.
Bxf6 Bxc4 14. Qxc4 Qxc4 15. Bxc4 gxf6 16. Be6+ Kb8 $16) 12. Ne5 $18 Qh5 (12...
Nxe5 13. dxe5 Nd7 14. Nb5 $18) 13. Nxc6 (13. Nb5 $142 Nxe5 14. dxe5 Qxe5 $18)
13... bxc6 14. Bf4 Kd7 (14... Kf7 15. Bxc7 Bb4 $18) 15. Bxc7 (15. Rg1 $142 $18)
15... Kxc7 $15 16. Qxe6 Bd6 (16... Re8 17. Qh3 Qxh3 18. Bxh3 $15) 17. Qh3 (17.
Qe2 $5 a5 18. Kb1 $14) 17... Qg5+ (17... Qxh3 $5 18. Bxh3 Rae8 $15) 18. Kb1 $11
Rab8 19. Bd3 Qe3 20. Qg2 Rxb2+ 21. Kxb2 Rb8+ 22. Nb5+ $4 (22. Ka1 $142 Qxd4 23.
Qxg7+ Kd8 24. Qh8+ Kc7 25. Qg7+ Kd8 26. Qh8+ Kc7 27. Qg7+ $11) 22... Rxb5+ 23.
Bxb5 Ba3+ 24. Kb1 Qc3 25. Qxg7+ (25. Qg3+ Kb7 26. Bxc6+ Kc8 27. Bb7+ Kxb7 28.
Qxg7+ Kb6 29. Qxf6+ Kb5 30. Qc6+ Kxc6 31. h3 Qb2#) 25... Kb6 (25... Kb6 26.
Qb7+ Kxb7 27. Bxc6+ Kc7 28. h3 Qb2#) 0-1

[Event "North American Class"]
[Site "?"]
[Date "1998.12.29"]
[Round "6"]
[White "Liwat, L."]
[Black "Bailey, B."]
[Result "1/2-1/2"]
[WhiteElo "1814"]
[BlackElo "1947"]
[Annotator "Stockfish 14 (15s)"]
[PlyCount "46"]

{A00: Irregular Openings} 1. h4 e5 2. a4 (2. e3 d5 3. d4 Nd7 4. b3 exd4 5. exd4
Ngf6 6. Nf3 Bd6 7. Qe2+ Ne4 8. Bg5 Ndf6 9. Nc3 O-O 10. Nxe4 dxe4 11. Nd2 h6 12.
Bxf6 Qxf6 13. c3 Bf5 14. g4 Bh7 15. Nc4 Bf4 16. Ne3 Rad8 {
Gorman,D (2335)-Kelson,R (2340) Berkeley 1990 0-1 (44)}) 2... d5 3. e3 $146 (3.
b4 Bxb4 4. c4 Nf6 5. cxd5 Nxd5 6. h5 Nc6 7. Nf3 e4 8. Ne5 Nxe5 9. Bb2 Ng4 10.
Rh2 Nxh2 11. Nc3 Ng4 12. Nxd5 Qxd5 13. Bxg7 Qf5 14. Bxh8 Bf8 15. Be5 {
0-1 (15) Aouina,W (1099)-Naiditsch,A (2676) Ajaccio 2006}) (3. g3 c6 4. Bg2 Nf6
5. d3 Be6 6. Nf3 Nbd7 7. Nbd2 h6 8. e4 Qc7 9. O-O Bd6 10. Qe2 O-O 11. b3 Rfe8
12. Nh2 Rad8 13. Bb2 a5 14. Rfd1 Nf8 15. Ndf1 d4 16. Bf3 b5 17. Ng4 Nxg4 {
Pudovkin,D (2312)-Zelensky,S (2165) Krasnodar 2001 1/2-1/2 (53)}) (3. d3 Nf6 4.
e4 dxe4 5. dxe4 Qxd1+ 6. Kxd1 Nxe4 7. h5 Nxf2+ 8. Ke1 Nxh1 9. b4 Bxb4+ 10. c3
Bc5 11. Nf3 Nc6 12. Ba3 Bxa3 13. Nxa3 O-O 14. Kd2 Ng3 15. Bc4 Nxh5 16. Bd3 Re8
17. Rh1 g6 {Greene,B-Ruiter,E Victoria 2005 0-1 (37)}) 3... Nf6 4. Be2 c5 5. a5
(5. d4 cxd4 6. exd4 exd4 $17) 5... Nc6 6. a6 Bd6 7. axb7 Bxb7 8. h5 (8. d3 O-O
$19) 8... h6 9. b3 (9. Nc3 O-O 10. d3 Re8 $19) 9... d4 (9... O-O 10. Bb2 d4 11.
Na3 $19) 10. Na3 (10. d3 e4 11. dxe4 Nxe4 $19) 10... O-O 11. Nc4 Bc7 12. Ra4 (
12. Ba3 Qe7 13. Nf3 Rfe8 $19) 12... Na5 (12... Re8 13. Bb2 $19) 13. Bf3 (13.
Nf3 e4 14. Nxa5 Bxa5 15. Nh4 $19) 13... e4 14. Be2 Bc6 15. Ra2 Nd5 16. Nxa5 (
16. Nh3 Nb4 17. Nxa5 Bxa5 $19) 16... Bxa5 17. Bc4 (17. Kf1 Bc7 18. Bb2 Re8 $19)
17... Nb4 {Black plans d3} (17... dxe3 $142 18. Rxa5 Qxa5 $19) 18. Ra1 d3 (
18... Bc7 $142 19. Nh3 Qh4 $19) 19. cxd3 $17 exd3 (19... Nxd3+ $142 $5 20. Bxd3
exd3 $17) 20. Kf1 $15 Qg5 $4 (20... Nc2 $142 21. Ra2 Bd5 $11) 21. Nf3 $16 Bxf3
$2 (21... Qd8 $142 22. Ne1 Bc7 $16) 22. Qxf3 $18 Bb6 (22... Bc7 23. Ra4 a5 $18)
23. Bb2 Kh8 1/2-1/2

[Event "SCC Tornado"]
[Site "?"]
[Date "2000.04.30"]
[Round "1"]
[White "Ferrari, M."]
[Black "Bailey, B."]
[Result "0-1"]
[WhiteElo "1675"]
[BlackElo "1878"]
[Annotator "Stockfish 14 (15s)"]
[PlyCount "104"]

{A01: Nimzowitsch-Larsen Opening} 1. b3 d5 2. Bb2 f6 (2... Qd6 3. Nf3 Nd7 4. d4
g6 5. Nbd2 Ngf6 6. e3 Bg7 7. Bd3 O-O 8. O-O c5 9. c4 e6 10. Ne5 b6 11. f4 Bb7
12. Qf3 Rae8 13. g4 cxd4 14. exd4 dxc4 15. Ndxc4 Qc7 16. Qh3 Rd8 17. Ba3 {
Velasquez Ojeda,C (2365)-Llorens,M (2235) Santiago 1997 0-1 (34)}) 3. f4 Nc6
$146 (3... Bf5 4. Nf3 e6 5. e3 Bd6 6. Be2 Ne7 7. Nc3 Nbc6 8. O-O O-O 9. h3 e5
10. g4 Be6 11. f5 Bf7 12. Nb5 e4 13. Nfd4 Nxd4 14. Bxd4 Nc6 15. Bb2 Be5 16.
Bxe5 Nxe5 17. d4 Nc6 18. c4 {Svara,W-Becker,J Buenos Aires 2004 1/2-1/2}) (3...
e6 4. Nf3 Bd6 5. e3 Nh6 6. g3 O-O 7. Bg2 a5 8. O-O Qe8 9. c4 c6 10. Nc3 Qg6 11.
Rc1 Na6 12. d3 Nb4 13. e4 dxe4 14. dxe4 Bc5+ 15. Kh1 Qf7 16. a3 Na6 17. Na4 Ba7
18. h3 {Khaghani,M-Shaarbaf,M (2227) Teheran 2001 1-0 (36)}) (3... Nh6 4. Nf3
Nf7 5. e3 g6 6. Be2 Bg7 7. c4 c6 8. d4 O-O 9. O-O Nd7 10. Nc3 Nb6 11. e4 dxe4
12. Nxe4 Qc7 13. Qc1 Bh6 14. g3 Bh3 15. Re1 Rad8 16. Qc3 Bg7 17. Nf2 Bc8 18.
Nd3 {Nesic,D-Brujic,B (2200) Belgrade 2004 0-1 (47)}) 4. Nf3 (4. e4 dxe4 5. Nc3
Nh6 $11) 4... Bf5 (4... e5 $5 5. fxe5 fxe5 $15) 5. e3 $11 e6 6. c4 Nh6 (6...
Nge7 7. a3 $11) 7. Be2 Bc5 (7... Qd7 $142 8. O-O O-O-O $11) 8. O-O (8. d4 $142
Bb4+ 9. Nc3 $14) 8... Qd6 $4 (8... d4 $142 9. b4 d3 10. bxc5 dxe2 11. Qxe2 Bd3
$17) 9. d4 $18 Ng4 (9... Bb6 10. c5 Bxc5 11. dxc5 Qxc5 12. Qd2 $18) 10. dxc5 (
10. Qc1 dxc4 11. h3 Nxe3 12. Qxe3 c3 13. Bxc3 Bb6 $18) 10... Qxc5 11. Bd4 Nxd4
12. Qxd4 (12. exd4 $142 Qa5 13. Qc1 c6 $18) 12... Qxd4 13. exd4 (13. Nxd4 $142
Nxe3 14. Rf3 Nc2 15. Nxc2 Bxc2 $18) 13... Ne3 14. Rc1 Nc2 15. g4 Be4 16. Nc3 (
16. Rxc2 $5 Bxc2 17. Kf2 c6 $18) 16... Nxa1 17. Rxa1 O-O-O 18. c5 $4 (18. Nd2
$142 $5 Bg6 19. Nf3 Be4 20. cxd5 exd5 $18) 18... c6 (18... g5 $5 19. fxg5 Bxf3
20. Bxf3 fxg5 $16) 19. Kf2 e5 $2 (19... Bxf3 $142 20. Bxf3 Rhf8 $18) 20. f5 (
20. dxe5 $142 Bxf3 21. Bxf3 (21. Kxf3 fxe5 22. f5 g6 $11) 21... fxe5 22. fxe5
$18) 20... h5 $11 21. h3 (21. Nxe4 $143 dxe4 22. Nd2 Rxd4 $17) 21... hxg4 22.
hxg4 Bxf3 23. Bxf3 Rde8 (23... Rh2+ $142 24. Bg2 exd4 $11) 24. Rh1 $4 (24. dxe5
$142 Rxe5 25. Rd1 $16) 24... Rxh1 $19 25. Bxh1 exd4 26. Nd1 (26. Nb1 b6 27.
cxb6 axb6 $19) 26... b6 27. b4 (27. cxb6 axb6 28. Bf3 Kd7 $19) 27... bxc5 28.
bxc5 Kb7 29. Bf3 Ka6 30. Nb2 Re3 31. Be2+ Ka5 32. Nd3 Ka4 33. Ke1 (33. Nf4 Ra3
34. Nh5 d3 35. Bxd3 Rxd3 36. Nxg7 Kb5 $19) 33... Ka3 34. Kd2 a5 35. Nc1 (35.
Nf4 Kb4 36. Nd3+ Kb5 $19) 35... a4 36. Ba6 (36. Bd1 Rg3 $19) 36... Re7 (36...
Kb4 $142 37. Bd3 $19) 37. Ne2 (37. Bd3 Kb4 38. Bc2 $19) 37... Kxa2 38. Nxd4 (
38. Kc2 Ra7 39. Nc1+ Ka3 $19) 38... Kb2 39. Nxc6 Rc7 40. Nb4 a3 41. Nd3+ Kb1
42. Nb4 Rxc5 43. Bd3+ (43. Be2 a2 44. Nxa2 Rc2+ 45. Ke3 Rxa2 46. Bb5 $19) 43...
Kb2 44. Bc2 a2 45. Nd3+ Ka3 46. Nxc5 a1=Q 47. Nb3 Qg1 48. Bd1 Qxd1+ $1 49. Kxd1
Kxb3 50. Kd2 Kc4 51. Kc2 Kd4 52. Kd2 Ke4 0-1

[Event "SCC Tornado"]
[Site "?"]
[Date "2000.04.30"]
[Round "2"]
[White "Bailey, B."]
[Black "Hickey, P."]
[Result "1-0"]
[WhiteElo "1878"]
[BlackElo "1714"]
[Annotator "Stockfish 14 (15s)"]
[PlyCount "101"]

{B40: Sicilian: 2...e6, Unusual lines} 1. e4 c5 2. Nf3 e6 3. d3 Nc6 4. b3 (4.
Qe2 Nge7 5. g3 g6 6. h4 h6 7. Bg2 Bg7 8. O-O d6 9. c3 b6 10. Nbd2 d5 11. Re1
Ba6 12. e5 g5 13. hxg5 hxg5 14. Nxg5 Nxe5 15. c4 Qd7 16. Ndf3 N5g6 17. Nxf7
Kxf7 18. Ng5+ Kg8 {Smirin,I (2625)-Gurevich,M (2605) Budapest 1996 0-1}) 4...
Nf6 (4... d6 5. Bb2 e5 6. g3 g6 7. Bg2 Bg7 8. O-O Nge7 9. Nc3 Be6 10. Ng5 O-O
11. Nxe6 fxe6 12. Ne2 Qd7 13. Qd2 Rf7 14. a3 Raf8 15. c3 b6 16. Rad1 Rd8 17. b4
Bh8 18. f4 Bg7 19. d4 {Zavgorodniy,S-Meleshko,V Lvov 1999 1-0 (40)}) 5. Bb2 Be7
6. Be2 $146 (6. c3 d5 7. exd5 exd5 8. Be2 O-O 9. Qc2 Re8 10. O-O Bd6 11. d4 b6
12. Re1 Bg4 13. Nbd2 cxd4 14. cxd4 Nb4 15. Qd1 Rc8 16. Rf1 Bf5 17. Ne1 Nc2 18.
Rc1 Nxe1 19. Rxc8 Qxc8 20. Rxe1 Qe6 {Eiffe,P-Heiman,D Adelaide 1887 1-0 (63)})
(6. e5 Ng4 $15) 6... O-O 7. Nbd2 d5 8. O-O d4 (8... Qc7 9. exd5 Nxd5 10. Re1
$17) 9. a4 Qc7 10. Nc4 b6 11. Nfd2 (11. Bc1 a6 $15) 11... Bb7 12. f4 a6 13. Nf3
(13. Na3 Rab8 $15) 13... b5 (13... Nd7 $5 14. Bc1 b5 $17) 14. Nce5 $15 Nd7 15.
Nxd7 Qxd7 16. Bc1 Qc7 17. Bd2 Qb6 (17... Nb4 $5 $15) 18. Kh1 Rad8 19. Qe1 Nb4
20. Bxb4 cxb4 21. axb5 axb5 22. Qg3 Ra8 23. Rxa8 Rxa8 24. Ne5 Qc7 25. Bd1 Ra1
26. Kg1 Bd6 27. Qf2 (27. h4 $142 $15) 27... Qc6 $4 (27... f6 28. Nf3 Bxf4 29.
Qxd4 $17) 28. Qh4 (28. Nxc6 $142 Bxc6 29. Qxd4 Ra8 30. Qxd6 Rc8 $18) 28... f6
$4 (28... Qc7 $142 $5 $15) 29. Qh5 (29. Nxc6 $142 Bxc6 30. e5 $18) 29... Qc8
$14 30. Qf7+ Kh8 31. Ng4 f5 $4 (31... Bf8 $142 32. Nf2 f5 $16) 32. exf5 $18
exf5 33. Ne5 Bxe5 (33... Rc1 34. Re1 Bxe5 35. fxe5 h6 $18) 34. fxe5 h6 35. Bh5
Rxf1+ (35... Ra2 36. Qxf5 Rxc2 37. Qxc8+ Bxc8 $18) 36. Kxf1 Qa8 (36... Bxg2+
37. Kxg2 Qxc2+ 38. Kg3 Qxd3+ 39. Bf3 $18) 37. e6 Bxg2+ 38. Kf2 Bd5 (38... Bh1
39. Qg6 Qf8 $18) 39. e7 $1 Bxf7 (39... -- $140 40. e8=Q+ {Mate threat}) 40.
Bxf7 g5 41. e8=Q+ Qxe8 42. Bxe8 Kg7 43. Bxb5 Kf6 44. Kg3 Ke5 45. h4 (45. Be8
$142 $16) 45... g4 $4 (45... Kd6 $142 $16) 46. Be8 Kf6 (46... Ke6 47. Kf4 g3
48. Kxg3 Ke5 49. Bh5 f4+ 50. Kf3 Kf5 51. Bg4+ Ke5 52. Bc8 h5 53. Bh3 Kd5 54.
Kxf4 Kd6 55. Kf5 Ke7 56. Ke5 Kf7 57. Kxd4 Kf6 58. Ke4 Kg7 59. Ke5 Kf8 60. d4
Ke7 61. d5 Kf8 62. d6 Kf7 63. Bd7 Kg7 64. Be8 Kh8 65. d7 Kg7 66. d8=Q Kh8 67.
Qg5 Kh7 68. Kf6 Kh8 69. Qg7#) 47. Kf4 g3 (47... Kg7 48. Kxf5 g3 49. Bc6 Kf8 50.
Kf6 Kg8 51. Bf3 Kf8 52. Ke5 Ke7 53. Kxd4 Kd6 54. Ke4 h5 55. d4 Ke6 56. d5+ Kd6
57. Bh1 Kd7 58. Ke5 Ke7 59. Bg2 Ke8 60. Ke6 Kf8 61. d6 Ke8 62. d7+ Kd8 63. Bh1
g2 64. Bxg2 Kc7 65. Ke7 Kb6 66. d8=Q+ Kc5 67. Qd6+ Kb5 68. Bf1+ Ka5 69. Qc7#)
48. Kxg3 Ke5 (48... Ke7 49. Bh5 Ke6 50. Kf4 Kf6 51. Bf3 Ke6 52. h5 Ke7 53. Bd5
Kf6 54. Bc4 Kg7 55. Kxf5 Kh8 56. Kf6 Kh7 57. Kf7 Kh8 58. Bd5 Kh7 59. Bf3 Kh8
60. Bd1 Kh7 61. c3 dxc3 62. Ke7 c2 63. Bxc2 Kh8 64. d4 Kg7 65. d5 Kh8 66. d6
Kg7 67. d7 Kh8 68. d8=Q+ Kg7 69. Qf8#) 49. Bd7 (49. Kf3 f4 50. Bh5 Kf5 51. Bg4+
Ke5 52. h5 Kd6 53. Kxf4 Kd5 54. Bc8 Kd6 55. Kf5 Kd5 56. Ba6 Kd6 57. Bc4 Kd7 58.
Kg6 Ke7 59. Kg7 Kd6 60. Kxh6 Ke7 61. Kg5 Ke8 62. h6 Kf8 63. Kf6 Ke8 64. h7 Kd7
65. h8=Q Kc7 66. Qg7+ Kc6 67. Kg6 Kd6 68. Qb7 Kc5 69. Qc7#) 49... h5 (49... Kf6
50. Kf4 Kg6 51. Be8+ Kf6 52. Bh5 Ke6 53. Bg6 Ke7 54. Bxf5 h5 55. Ke5 Kf7 56.
Kxd4 Kf6 57. Bh3 Kg7 58. Ke5 Kf8 59. Ke6 Ke8 60. d4 Kf8 61. d5 Ke8 62. d6 Kd8
63. d7 Kc7 64. Ke7 Kb6 65. Kd6 Ka5 66. d8=Q+ Ka6 67. Qc7 Kb5 68. Bf1#) 50. Be8
f4+ (50... Kf6 51. Kf4 Ke7 52. Bxh5 Kf6 53. Bf3 Ke6 54. Kg5 Kf7 55. Kxf5 Kg8
56. h5 Kf7 57. Ke5 Kg8 58. Kxd4 Kf7 59. Ke5 Kg8 60. Kf6 Kf8 61. h6 Kg8 62. d4
Kh8 63. d5 Kg8 64. d6 Kh7 65. d7 Kxh6 66. d8=R Kh7 67. Be4+ Kh6 68. Rh8#) 51.
Kf3 1-0